| LEADER | 006900000a22001570004500 | ||
|---|---|---|---|
| 338 | |2 rdacarrier |a volume | ||
| 338 | |2 rdacarrier |a online resource | ||
| 500 | |a Abstracts in English and Arabic. | ||
| 500 | |a "A thesis submitted in fulfilment of the requirement for the degree of Doctor of Philosophy in Law." --On title page. | ||
| 650 | 0 | |a Jihad | |
| 650 | 0 | |a War (Islamic law) | |
| 650 | 0 | |a War |x Religious aspects Islam | |
| 691 | |a Jihad (Armed struggle) | ||
| 691 | |a Jihad (Armed struggle) in the Qur'an | ||
| 999 | |c 441253 |d 471308 | ||
| 952 | |0 0 |1 0 |2 lcc |4 0 |6 T B P U223 M00084 02020 |7 3 |8 IIUMTHESIS |9 762145 |a IIUM |b IIUM |c THESIS |d 2022-08-24 |g 0.00 |o t BPU 223 M84 2020 |p 11100424029 |r 1900-01-02 |t 1 |v 0.00 |y THESIS | ||
